1671 1976 1224 1906 1930 1794 1074 1179 1958 1489 1912 1087 1512 1861 1224 1182 1883 1044 1071 1895 1666 1327 1827 1197 1339 1848 1850 1214 1625 1080 1371 1744 1421 1361 1739 1493 1944 1145 1326 1554 1028 1917 1336 1239 1205 1810 1583 1830 1342 1496 1446 1486 1810 1159 1973 1801 1114 1879 1849 1410 1438 1631 1773 1025 1651 1196 1511 1487 1312 1455 1359 1286 1974 1924 1283 1877 1553 1743 1969 1441 1289 1717 1319 1119 1850 1918 1831 1683 1369 1627 1939 1373 1011 1819 1883 1600 1897 1972 1521 BCNSPRNW ULIB Ver.6.0+V

เปลี่ยนเป็นภาษาไทย

Change to English
 แสดงรายละเอียดบรรณานุกรม
  กลับหน้าหลัก

Brief Record : Get Marc (ISO 2709) : E-mail record : QR code < ปิดหน้าต่าง
LEADER : 00000nam 2200000uu 4500
001    13399111946
003     ULIB
008    110712s2546||||th 000 0 tha d
020    9748212726
050  4 DS589.B8^bย171ป 2546
100 0  ยอด เนตรสุวรรณ
245 10 บุรีรัมย์/^cยอด เนตรสุวรรณ
260    กรุงเทพฯ :^bสารคดี,^c[2546]
300    138 หน้า :^bภาพประกอบ, แผนที่ :^c21 ซม.
490 0  "นายรอบรู้" นักเดินทาง
651  7 ไทย (ภาคตะวันออกเฉียงเหนือ)^xความเป็นอยู่และประเพณี
651  7 ไทย (ภาคตะวันออกเฉียงเหนือ)^xภูมิประเทศและการท่องเที่ยว
651  7 บุรีรัมย์^xความเป็นอยู่และประเพณี
651  7 บุรีรัมย์^xภูมิประเทศและการท่องเที่ยว
651  7 บุรีรัมย์^xโบราณสถาน
945    ^p95^l0^i015903
995    ทศพร
999 ^a ใช้งานได้ทุกระบบ
รายการนี้ยังไม่มีแท็ก
คุณยังไม่ได้ล็อกอิน คุณสามารถมีกิจกรรมร่วมกับเว็บไซต์ได้ แต่ต้องล็อกอินก่อน ::
  ล็อกอิน

รายการสื่อสารสนเทศ

ลำดับที่ ประเภท เลขเรียก/บาร์โค้ด สถานที่ สถานะ
- ไม่พบข้อมูล -

รายการใกล้เคียง
    ผู้แต่ง [ยอด เนตรสุวรรณ]

BibComment


ยังไม่เคยถูกคอมเมนท์

คอมเมนท์ทรัพยากรรายการนี้
  คอมเมนท์: บุรีรัมย์ ยอด เนต..


 Copyright 2026. Bcnsprnw @Library